Fundamentals of sports injury management / (Record no. 49282)

MARC details
000 -LEADER
fixed length control field 01224cam a22003374a 4500
003 - CONTROL NUMBER IDENTIFIER
control field CUTN
005 - DATE AND TIME OF LATEST TRANSACTION
control field 20260214100647.0
008 - FIXED-LENGTH DATA ELEMENTS--GENERAL INFORMATION
fixed length control field 020528s2003 paua b 001 0 eng
020 ## - INTERNATIONAL STANDARD BOOK NUMBER
International Standard Book Number 9781451109764
041 ## - LANGUAGE CODE
Language English
042 ## - AUTHENTICATION CODE
Authentication code pcc
060 10 - NATIONAL LIBRARY OF MEDICINE CALL NUMBER
Classification number QT 261
Item number A548f 2002
082 00 - DEWEY DECIMAL CLASSIFICATION NUMBER
Classification number 617.102
Edition number 21
Item number AND
100 1# - MAIN ENTRY--PERSONAL NAME
Personal name Anderson, Marcia K.
245 10 - TITLE STATEMENT
Title Fundamentals of sports injury management /
Statement of responsibility, etc Marcia K. Anderson.
250 ## - EDITION STATEMENT
Edition statement 3rd ed.
260 ## - PUBLICATION, DISTRIBUTION, ETC. (IMPRINT)
Place of publication, distribution, etc Philadelphia :
Name of publisher, distributor, etc Lippincott Williams & Wilkins,
Date of publication, distribution, etc c2011.
300 ## - PHYSICAL DESCRIPTION
Extent 376 p. :
Other physical details ill. ;
Dimensions 27 cm.
650 #0 - SUBJECT ADDED ENTRY--TOPICAL TERM
Topical term or geographic name as entry element Sports injuries.
650 12 - SUBJECT ADDED ENTRY--TOPICAL TERM
Topical term or geographic name as entry element Athletic Injuries.
650 22 - SUBJECT ADDED ENTRY--TOPICAL TERM
Topical term or geographic name as entry element Sports Medicine.
856 42 - ELECTRONIC LOCATION AND ACCESS
Uniform Resource Identifier <a href="http://www.loc.gov/catdir/enhancements/fy0711/2002072941-d.html">http://www.loc.gov/catdir/enhancements/fy0711/2002072941-d.html</a>
856 41 - ELECTRONIC LOCATION AND ACCESS
Uniform Resource Identifier <a href="http://www.loc.gov/catdir/enhancements/fy0811/2002072941-t.html">http://www.loc.gov/catdir/enhancements/fy0811/2002072941-t.html</a>
942 ## - ADDED ENTRY ELEMENTS (KOHA)
Source of classification or shelving scheme Dewey Decimal Classification
Koha item type Coaching cell/ UGC NET Cell
504 ## - BIBLIOGRAPHY, ETC. NOTE
Bibliography, etc Includes bibliographical references and index.
856 42 - ELECTRONIC LOCATION AND ACCESS
Materials specified Publisher description
856 41 - ELECTRONIC LOCATION AND ACCESS
Materials specified Table of contents only
906 ## - LOCAL DATA ELEMENT F, LDF (RLIN)
a 7
b cbc
c orignew
d 1
e ocip
f 20
g y-gencatlg
Holdings
Withdrawn status Lost status Source of classification or shelving scheme Damaged status Not for loan Collection code Home library Location Shelving location Date of Cataloging Source of acquisition Total Checkouts Full call number Barcode Date last seen Price effective from Koha item type
    Dewey Decimal Classification     Non-fiction CUTN Central Library CUTN Central Library Medicine, Technology & Management 14/02/2026 UGC NET cell 2025   617.102 AND 55487 14/02/2026 14/02/2026 Coaching cell/ UGC NET Cell